| 000 | 00772nam a22001817a 4500 | ||
|---|---|---|---|
| 999 |
_c64087 _d64087 |
||
| 003 | Ge_BSU | ||
| 005 | 20260327115923.0 | ||
| 008 | 260327s1962 ge ||||| |||| 00| 0 geo d | ||
| 041 | _ageo | ||
| 080 | _a908(498) მ-43 | ||
| 100 |
_aმაჭარაძე, ვ. _927222 |
||
| 245 |
_aრუმინეთის სახალხო რესპუბლიკა / _cვ. მაჭარაძე. |
||
| 264 |
_aთბილისი : _bსაბჭ. საქართველო, _c1962. |
||
| 300 |
_a108 გვ. : _bილ. ; _c20 სმ. |
||
| 500 | _aპარალ. თავფურც. რუმინულ ენაზე | ||
| 653 | _aრუმინეთის სახალხო რესპუბლიკა | ||
| 942 |
_2udc _cᲬᲘᲒᲜᲘ |
||